LEADER 01673nam a2200337 4500 001 000000351891 003 CaOOAMICUS 005 20221014123107.0 008 221014s1766 it 000 u lat r 026 $entt, etis ,&ac ctvi (3) 1766 (R) 040 $aSeMil$bita 100 01$aAugustinus, Aurelius,$c.$0(OLS)http://semarc/name/498 245 10$aRegula beati patris Augustini et Constitutiones ordinis fratrum servorum B. Mariae Virginis. Accedunt adnotationes ad calcem, & constitutionum index copiosior. 264 1$aRomae :$bTypis Reverendae Camerae Apostolicae,$c1766. 300 $aLXVIII, 172, [2] p., [1] carta di tav. :$bantip. xilogr. ;$c4° 500 $aEemblema dei Servi di Maria sul front. 500 $aIniziali e fregi xilogr. 500 $aSegn.: a-g? h? A-V? X? ?1 500 $aAntiporta sottoscritta: "Ioseph de Sanctis inv. et del., V.G. sc." 710 2 $aStamperia Camerale$b.$0(OLS)http://semarc/name/4421 710 2 $aServi di Maria$c.$0(OLS)http://semarc/name/2026 752 $ait$dRoma 850 $aSeMil 852 $aSeMil$W1$xVenegono$y1$m3Z IV 18 FA$j234854$B243079$CSeMilBibl$Z2$F243079 $8I 900 11$aAgostino : d'Ippona. 900 11$aSant'Agostino. 996 $6245$aRegula beati patris Augustini et Constitutiones ordinis fratrum servorum B. Mariae Virginis. Accedunt adnotationes ad calcem, & constitutionum index copiosior$9(OLS)http://semarc/title/441695 996 $6264$aRomae :$bTypis Reverendae Camerae Apostolicae$9(OLS)http://semarc/publisher/40742 LEADER 00999nam a2200229 i 4500 001 000000210751 003 CaOOAMICUS 005 20211215094516.0 008 120210s1860 it u000 u ita u 013 $a189564 040 $aSeMil$bita 100 1 $aAlighieri, Dante,$d<1265-1321>.$0(OLS)http://semarc/name/453 245 12$aL'Inferno di Dante /$cesposto in dialetto milanese da Francesco Candiani. 260 $aMilano :$bA spese di Cristoforo Candiani,$c1860. 300 $aVIII, 364 p. ;$c22 cm. 650 4$aAlighieri, Dante <1265-1321> . Divina Commedia . Inferno - Traduzioni dialettali.$0(OLS)http://semarc/subject/39612 700 1 $aCandiani, Francesco.$0(OLS)http://semarc/name/75418 850 $aSeMil 852 $aSeMil$W1$xVenegono$y1$m1S VI 16 FA$j161198$B161198$CSeMilBibl$Z2$F172363 $8I 996 $6245$aL'Inferno di Dante$9(OLS)http://semarc/title/190382 996 $6260$aMilano :$bA spese di Cristoforo Candiani$9(OLS)http://semarc/publisher/52522